UBT Library

SOFTWARE ARCHITECTURE (Record no. 26288)

000 -LEADER
fixed length control field 00286nam a22001337a 4500
008 - FIXED-LENGTH DATA ELEMENTS--GENERAL INFORMATION
fixed length control field 170906b xxu||||| |||| 00| 0 eng d
020 ## - INTERNATIONAL STANDARD BOOK NUMBER
International Standard Book Number 9780131829572
041 ## - LANGUAGE CODE
Language code of text/sound track or separate title eng
080 ## - UNIVERSAL DECIMAL CLASSIFICATION NUMBER
Universal Decimal Classification number 72
100 ## - Rafti
Rafti 41
101 ## - Shkurtesa
Shkurtesa ARK
245 ## - TITLE STATEMENT
Title SOFTWARE ARCHITECTURE
Statement of responsibility, etc SHAW,M
942 ## - ADDED ENTRY ELEMENTS (KOHA)
Source of classification or shelving scheme
Item type Books
Holdings
Withdrawn status Lost status Source of classification or shelving scheme Damaged status Not for loan Collection code Permanent location Current location Shelving location Date acquired Total Checkouts Full call number Barcode Date last seen Price effective from Koha item type
          Koleksioni i përgjithshem UBT - Lipjan UBT - Lipjan Koleksioni i përgjithshem 09/06/2017   72 SHAW 002-2921462 09/06/2017 09/06/2017 Books
UBT Library © 2015-2024. All rights reserved University Education for Business and Technology